Les groupes de la coupe du monde 2002 - Statistiques

Statistiques générales
  • Ce quiz a été pris 83 fois
  • Le résultat moyen est 26 sur 32
Statistiques - réponses
Réponse % Correct
Brésil
98%
Corée du Sud
97%
France
97%
Italie
97%
Japon
97%
Portugal
97%
Allemagne
95%
Argentine
95%
Espagne
95%
Sénégal
92%
Angleterre
90%
Belgique
90%
Etats-Unis
90%
Mexique
89%
Danemark
87%
Suède
87%
Turquie
87%
Pologne
82%
Russie
82%
Uruguay
81%
Cameroun
79%
Tunisie
79%
Afrique du Sud
77%
Chine
77%
Croatie
71%
Arabie Saoudite
68%
Irlande
66%
Paraguay
65%
Equateur
63%
Nigeria
55%
Costa Rica
53%
Slovénie
40%
Aucun quiz correspondant
Distribution des résultats
% des personnes avec chaque résultat
Percentile par nombre de réponses
Votre historique - résultats
Vous n’avez pas pris ce quiz